00253nam a2200109Ia 4500100002500000654001300025245002600038260004400064082001500108300000800123546001200131 aSchulman A & others  aComputer aUndocumented Windows bAddison Wesley PubaMassachusettsc1992 a005.13 'W' a715 aENGLISH